[Event "30.Schlosspark-Open"]
[Site "Wiesbaden-Biebrich"]
[Date "2018.08.24"]
[Round "3.53"]
[White "Adam, Wilfried"]
[Black "Werner, Dimo"]
[Result "1/2-1/2"]
[WhiteElo "1802"]
[BlackElo "2003"]
[PlyCount "83"]
[EventDate "2018.??.??"]
[WhiteTeam "SC Bad Wimpfen"]
[BlackTeam "TSV Schott Mainz"]

1. e4 e6 2. d3 d5 3. Nd2 c5 4. Ngf3 Nc6 5. g3 Nf6 6. Bg2 Be7 7. O-O O-O 8. h3
Rb8 9. b3 b6 10. Re1 Bb7 11. Bb2 Qc7 12. Nh2 Rbd8 13. Ng4 d4 14. Nxf6+ Bxf6 15.
Nf3 e5 16. Bc1 g6 17. Bh6 Bg7 18. Bxg7 Kxg7 19. Rf1 Bc8 20. Kh2 Ne7 21. Qe2 h6
22. Ng1 g5 23. f3 f5 24. Rae1 f4 25. g4 Ng6 26. Qf2 Be6 27. Qd2 Rc8 28. a4 a6
29. Ra1 Bd7 30. Ne2 b5 31. axb5 axb5 32. Qa5 Qc6 33. Qa6 Qc7 34. Qa7 Rf6 35. c4
Rb6 36. Qxc7 Rxc7 37. Rfb1 Rbb7 38. Nc1 Ra7 39. Kg1 b4 40. Rxa7 Rxa7 41. Kf2
Ra3 42. Ke2 1/2-1/2

[Event "30.Schlosspark-Open"]
[Site "Wiesbaden-Biebrich"]
[Date "2018.08.24"]
[Round "3.54"]
[White "Berberich, Christoph"]
[Black "Meaubert, Thomas"]
[Result "1-0"]
[WhiteElo "2002"]
[BlackElo "1758"]
[PlyCount "68"]
[EventDate "2018.??.??"]
[WhiteTeam "SGEM Dreisamtal"]
[BlackTeam "SC Floersheim"]

1. d4 e6 2. Nf3 f5 3. g3 Nf6 4. Bg2 Be7 5. O-O O-O 6. b3 d6 7. Bb2 Nbd7 8. Nbd2
Qe8 9. Ng5 Bd8 10. e4 Ng4 11. Nh3 Qh5 12. Qe2 Ndf6 13. f3 Nh6 14. Nf4 Qf7 15.
Rae1 Nd7 16. Nd3 Kh8 17. c4 Bf6 18. e5 dxe5 19. dxe5 Be7 20. f4 Rb8 21. Rc1 Nc5
22. Bd4 Nxd3 23. Qxd3 c5 24. Bb2 Rd8 25. Qe2 b6 26. Rcd1 g5 27. fxg5 Bxg5 28.
Ne4 Be7 29. Rxd8+ Bxd8 30. Qd2 Qf8 31. Nd6 Be7 32. h3 Nf7 33. g4 Bg5 34. Nxf7+
Qxf7 1-0

[Event "30.Schlosspark-Open"]
[Site "Wiesbaden-Biebrich"]
[Date "2018.08.24"]
[Round "3.55"]
[White "John, Volkmar"]
[Black "Kolker, Vladislav"]
[Result "0-1"]
[WhiteElo "1742"]
[BlackElo "1999"]
[PlyCount "74"]
[EventDate "2018.??.??"]
[WhiteTeam "SC Herborn"]
[BlackTeam "SC Bad Nauheim"]

1. e4 e5 2. Nf3 Nc6 3. d4 exd4 4. Nxd4 Bc5 5. Nb3 Bb6 6. a4 a6 7. Nc3 d6 8. Qe2
Nge7 9. Be3 Bxe3 10. Qxe3 O-O 11. O-O-O f5 12. Bc4+ Kh8 13. f3 Ne5 14. Bd3 f4
15. Qf2 Be6 16. Nd4 Bd7 17. h4 c5 18. Nf5 Nxf5 19. exf5 Nxd3+ 20. Rxd3 Bxf5 21.
Rd2 b5 22. Rhd1 Qa5 23. Rxd6 b4 24. Nd5 Rad8 25. Rxd8 Rxd8 26. b3 c4 27. Ne7
Rxd1+ 28. Kxd1 Qd8+ 29. Qd2 Qxe7 30. Qxf4 Qd7+ 31. Kc1 cxb3 32. Qb8+ Qc8 33.
Qxc8+ Bxc8 34. cxb3 Be6 35. Kc2 a5 36. Kd3 Bxb3 37. Kd4 Bxa4 0-1

[Event "30.Schlosspark-Open"]
[Site "Wiesbaden-Biebrich"]
[Date "2018.08.24"]
[Round "3.56"]
[White "Zeyen, Helmut"]
[Black "Rutsatz, Mario"]
[Result "1/2-1/2"]
[WhiteElo "1785"]
[BlackElo "1999"]
[PlyCount "101"]
[EventDate "2018.??.??"]
[WhiteTeam "Wiesbadener SV"]
[BlackTeam "SF Frankfurt"]

1. e4 e6 2. Qe2 c5 3. f4 Nc6 4. c3 d5 5. exd5 Qxd5 6. Qf3 Nf6 7. Na3 Be7 8. Bc4
Qd8 9. Nh3 O-O 10. O-O e5 11. Nf2 exf4 12. d4 cxd4 13. Bxf4 Be6 14. Bb3 Nd5 15.
Nd3 dxc3 16. Nc2 cxb2 17. Rab1 Nxf4 18. Nxf4 Bxb3 19. Qxb3 Nd4 20. Nxd4 Qxd4+
21. Kh1 Rac8 22. Ne6 fxe6 23. Qxe6+ Kh8 24. Rxf8+ Rxf8 25. Qxe7 Qf6 26. Qxf6
Rxf6 27. Kg1 Rb6 28. Kf2 Kg8 29. Ke3 Kf7 30. Kd3 Ke6 31. Kc2 Rc6+ 32. Kb3 Rc5
33. a4 Rc6 34. Re1+ Kf6 35. Kxb2 Rc4 36. Kb3 Rh4 37. Rf1+ Kg6 38. h3 a5 39. Rd1
Rb4+ 40. Ka3 b5 41. Rd6+ Kf7 42. axb5 Rxb5 43. Rd2 h5 44. Rd7+ Kf6 45. Rd6+ Kg5
46. Rd4 h4 47. Rg4+ Kh5 48. Rxg7 Rg5 49. Rh7+ Kg6 50. Rxh4 Rxg2 51. Rg4+
1/2-1/2

[Event "30.Schlosspark-Open"]
[Site "Wiesbaden-Biebrich"]
[Date "2018.08.24"]
[Round "3.57"]
[White "Meding, Olaf"]
[Black "Schultze, Joerg-Martin"]
[Result "0-1"]
[WhiteElo "1779"]
[BlackElo "1998"]
[PlyCount "62"]
[EventDate "2018.??.??"]
[WhiteTeam "SF Mainz"]
[BlackTeam "SF Anderssen Wetzlar"]

1. d4 c5 2. c3 cxd4 3. cxd4 d5 4. Nc3 Nf6 5. Bf4 Nc6 6. e3 Bf5 7. Nf3 e6 8. Rc1
Be7 9. a3 O-O 10. Bd3 Bxd3 11. Qxd3 Na5 12. Ne5 Rc8 13. O-O Nc4 14. Rc2 Qa5 15.
Rfc1 b5 16. Ne2 Nxb2 17. Rxb2 Bxa3 18. Rbb1 Bxc1 19. Nxc1 Ne4 20. Ne2 Nc3 21.
Nxc3 Rxc3 22. Qd1 Rfc8 23. Nd7 R8c4 24. Nc5 b4 25. e4 dxe4 26. Be5 Qd8 27. Nxe4
f6 28. Bxf6 gxf6 29. Qg4+ Kh8 30. Nxc3 Rxd4 31. Qxe6 bxc3 0-1

[Event "30.Schlosspark-Open"]
[Site "Wiesbaden-Biebrich"]
[Date "2018.08.24"]
[Round "3.58"]
[White "Eveleens, Wim"]
[Black "Brauch, Manfred"]
[Result "1-0"]
[WhiteElo "1997"]
[BlackElo "1769"]
[PlyCount "107"]
[EventDate "2018.??.??"]
[WhiteTeam "Sandport"]
[BlackTeam "SG Pieroth"]

1. c4 f5 2. g3 Nf6 3. Bg2 g6 4. Nc3 Bg7 5. d3 d6 6. e4 O-O 7. Nge2 c6 8. O-O
Na6 9. h3 e5 10. exf5 Bxf5 11. d4 Qc8 12. Kh2 Nb4 13. Bg5 h6 14. Bxf6 Bxf6 15.
a3 Nc2 16. g4 Nxa1 17. gxf5 Qxf5 18. Qxa1 exd4 19. Ne4 Bg7 20. Qd1 Rae8 21.
N2g3 Qe6 22. Qg4 Qxg4 23. hxg4 Be5 24. b4 Rf4 25. Kh3 Kg7 26. Ne2 Rf7 27. f4
Bf6 28. N2g3 Rd8 29. Rd1 Be7 30. f5 Bg5 31. Nxg5 hxg5 32. fxg6 Rf4 33. Nh5+
Kxg6 34. Nxf4+ gxf4 35. Be4+ Kg5 36. Bf5 c5 37. Re1 d5 38. cxd5 Rxd5 39. Be6
Rd6 40. bxc5 Ra6 41. Bc8 Rxa3+ 42. Kg2 Rc3 43. Re5+ Kg6 44. Bxb7 a5 45. Be4+
Kf6 46. Rf5+ Kg7 47. c6 a4 48. Rxf4 a3 49. Bd5 d3 50. Rd4 Rc2+ 51. Kf3 a2 52.
Bxa2 Rxa2 53. Rxd3 Rc2 54. Rd6 1-0

[Event "30.Schlosspark-Open"]
[Site "Wiesbaden-Biebrich"]
[Date "2018.08.24"]
[Round "3.59"]
[White "Cichon, Joerg"]
[Black "Oezdemir, Ali Oezden"]
[Result "1/2-1/2"]
[WhiteElo "1776"]
[BlackElo "1982"]
[PlyCount "62"]
[EventDate "2018.??.??"]
[WhiteTeam "SF Mainz"]
[BlackTeam "SK Langen"]

1. e4 c5 2. d3 e6 3. Nf3 d5 4. Nbd2 Nf6 5. Qe2 Nc6 6. g3 b6 7. Bg2 Bb7 8. O-O
Qc7 9. c3 Be7 10. Re1 dxe4 11. dxe4 O-O 12. b3 Rfd8 13. Bb2 a5 14. e5 Nd5 15.
h4 a4 16. a3 Bf8 17. b4 cxb4 18. cxb4 Rd7 19. b5 Na7 20. Rec1 Qd8 21. Qc4 Nc7
22. Bd4 Ncxb5 23. Be3 Nxa3 24. Qxa4 Nc6 25. Qb3 b5 26. Bg5 Qb8 27. Qb2 Nd8 28.
Be3 Bd5 29. Bc5 Nc4 30. Rxa8 Bxa8 31. Rxc4 Qb7 1/2-1/2

[Event "30.Schlosspark-Open"]
[Site "Wiesbaden-Biebrich"]
[Date "2018.08.24"]
[Round "3.60"]
[White "Kuerschner, Matthias"]
[Black "Sefeloge, Michael"]
[Result "1-0"]
[WhiteElo "1995"]
[BlackElo "1763"]
[PlyCount "103"]
[EventDate "2018.??.??"]
[WhiteTeam "SK Langen"]
[BlackTeam "SV Lahnstein"]

1. e4 c5 2. c4 d6 3. Ne2 Nf6 4. Nbc3 e6 5. d4 cxd4 6. Nxd4 Nc6 7. Be2 Nxd4 8.
Qxd4 Be7 9. O-O O-O 10. Rd1 a6 11. Be3 e5 12. Qb6 Qxb6 13. Bxb6 Be6 14. Rac1
Rac8 15. b3 Rc6 16. Be3 Rfc8 17. f3 b5 18. Nd5 Kf8 19. Nxe7 Kxe7 20. cxb5 axb5
21. Bxb5 Rc2 22. Rxc2 Rxc2 23. Rd2 Rc3 24. Bg5 h6 25. Bxf6+ gxf6 26. Bd3 Rc1+
27. Kf2 Rc3 28. Ke2 Rc1 29. Rd1 Rc3 30. Kd2 Rc7 31. Rc1 Ra7 32. Rc2 h5 33. Kc3
h4 34. Kb2 d5 35. exd5 Bxd5 36. h3 Ke6 37. Bc4 f5 38. a4 e4 39. f4 f6 40. Bxd5+
Kxd5 41. Rd2+ Ke6 42. Ka3 Rc7 43. a5 e3 44. Rd3 Rc2 45. Rxe3+ Kd5 46. Kb4 Rxg2
47. a6 Rg8 48. Ka5 Kd6 49. a7 Kc7 50. Ka6 Rf8 51. b4 Rd8 52. Rc3+ 1-0

[Event "30.Schlosspark-Open"]
[Site "Wiesbaden-Biebrich"]
[Date "2018.08.24"]
[Round "3.61"]
[White "Krischak, Werner"]
[Black "Schmitt, Carsten"]
[Result "1/2-1/2"]
[WhiteElo "1730"]
[BlackElo "1992"]
[PlyCount "70"]
[EventDate "2018.??.??"]
[WhiteTeam "SK Marburg"]
[BlackTeam "SV Bergwinkel"]

1. d4 d5 2. c4 e6 3. Nc3 c5 4. cxd5 exd5 5. Nf3 Nc6 6. e3 Nf6 7. Be2 c4 8. O-O
Bb4 9. Ne5 Bxc3 10. Nxc6 bxc6 11. bxc3 Ne4 12. Bb2 Qa5 13. Qc1 O-O 14. f3 Nf6
15. Ba3 Re8 16. e4 Be6 17. e5 Nd7 18. Bb4 Qc7 19. f4 c5 20. Ba3 Bf5 21. Bf3
cxd4 22. Bxd5 Rad8 23. cxd4 Nb6 24. Bd6 Rxd6 25. exd6 Qxd6 26. Bf3 Qxd4+ 27.
Kh1 Rc8 28. a4 a5 29. Rd1 Qc5 30. Qc3 Bd7 31. Qc2 g6 32. Re1 Qb4 33. Reb1 Qc5
34. Re1 Qb4 35. Reb1 Qc5 1/2-1/2

[Event "30.Schlosspark-Open"]
[Site "Wiesbaden-Biebrich"]
[Date "2018.08.24"]
[Round "3.62"]
[White "Mueller, Lutz"]
[Black "Bursch, Alexander"]
[Result "1-0"]
[WhiteElo "1989"]
[BlackElo "1627"]
[PlyCount "66"]
[EventDate "2018.??.??"]
[WhiteTeam "SC Bad Koenigshofen"]
[BlackTeam "SV Hennef"]

1. d4 e6 2. Nf3 Nf6 3. e3 c5 4. Bd3 Nc6 5. b3 cxd4 6. exd4 d5 7. O-O Qc7 8. a3
Bd6 9. Bb2 O-O 10. Re1 a6 11. Nbd2 b6 12. c4 Bb7 13. Rc1 Qe7 14. b4 dxc4 15.
Nxc4 b5 16. Ne3 Qd8 17. Ne5 Ne7 18. Qe2 Qb6 19. N3g4 Ned5 20. g3 Rfd8 21. Rc5
Rac8 22. h4 Ba8 23. Rxc8 Rxc8 24. Nxf7 Nf4 25. gxf4 Qb7 26. Nxf6+ gxf6 27. Nh6+
Kg7 28. Be4 Qc7 29. Rc1 Qd7 30. Bxa8 Rxa8 31. Qf3 Rd8 32. Ng4 Rg8 33. Kf1 Qe7
1-0

[Event "30.Schlosspark-Open"]
[Site "Wiesbaden-Biebrich"]
[Date "2018.08.24"]
[Round "3.63"]
[White "Schneider, Luca"]
[Black "Junker, Christian"]
[Result "0-1"]
[WhiteElo "1480"]
[BlackElo "1986"]
[PlyCount "54"]
[EventDate "2018.??.??"]
[WhiteTeam "FC Bierstadt"]
[BlackTeam "SV Neu-Isenburg"]

1. d4 f5 2. Nf3 Nf6 3. c4 e6 4. Nc3 d5 5. Bg5 Be7 6. g3 O-O 7. Bg2 c6 8. b3
Nbd7 9. O-O h6 10. Bf4 Qe8 11. c5 Ne4 12. Qc2 Bf6 13. Rad1 Ndxc5 14. Nxd5 cxd5
15. dxc5 e5 16. Bd2 Bd7 17. Bb4 Bc6 18. Nd2 a5 19. Ba3 Bg5 20. Bc1 Be7 21. Nxe4
fxe4 22. Bb2 Bf6 23. e3 a4 24. b4 a3 25. Bc1 Ba4 26. Qd2 Rd8 27. Rde1 Bb5 0-1

[Event "30.Schlosspark-Open"]
[Site "Wiesbaden-Biebrich"]
[Date "2018.08.24"]
[Round "3.64"]
[White "Scharping, Hans-Martin"]
[Black "Gerber, Ingo"]
[Result "1-0"]
[WhiteElo "1984"]
[BlackElo "1516"]
[PlyCount "45"]
[EventDate "2018.??.??"]
[WhiteTeam "SC Pforzheim"]
[BlackTeam "SF Mainz"]

1. d4 Nf6 2. c4 e6 3. Nc3 Bb4 4. e3 O-O 5. Nge2 b6 6. a3 Be7 7. Ng3 Bb7 8. d5
a5 9. e4 exd5 10. exd5 Re8 11. Be2 Bc5 12. O-O Na6 13. Rb1 Bd6 14. Be3 Nc5 15.
b4 axb4 16. axb4 Bxg3 17. hxg3 Nce4 18. Nxe4 Nxe4 19. Bd4 Ra3 20. Bd3 Nc3 21.
Qh5 g6 22. Qh6 f6 23. Bxg6 1-0

[Event "30.Schlosspark-Open"]
[Site "Wiesbaden-Biebrich"]
[Date "2018.08.24"]
[Round "3.65"]
[White "Triantafillidis, Simeon"]
[Black "Stollreiter, Marc"]
[Result "1-0"]
[WhiteElo "1972"]
[BlackElo "1183"]
[PlyCount "43"]
[EventDate "2018.??.??"]
[WhiteTeam "SF HN-Biberach"]
[BlackTeam "Koelner SK Dr. Lasker"]

1. e4 c5 2. Nf3 d6 3. Bb5+ Bd7 4. Bxd7+ Nxd7 5. c4 Nb6 6. b3 Nf6 7. Nc3 g6 8.
d4 Bg7 9. Bb2 O-O 10. O-O cxd4 11. Nxd4 Nbd7 12. Qe2 Qb6 13. Rad1 Ne5 14. Kh1
Nc6 15. Nxc6 Qxc6 16. f4 Nd7 17. Rf3 Rae8 18. Rh3 Bxc3 19. Bxc3 f5 20. exf5
Rxf5 21. Qe6+ Rf7 22. Rxh7 1-0

[Event "30.Schlosspark-Open"]
[Site "Wiesbaden-Biebrich"]
[Date "2018.08.24"]
[Round "3.66"]
[White "Ochs, Daniel Elias"]
[Black "Stork, Christopher"]
[Result "1-0"]
[WhiteElo "1872"]
[BlackElo "1720"]
[PlyCount "81"]
[EventDate "2018.??.??"]
[WhiteTeam "Wiesbadener SV"]
[BlackTeam "SV Oberursel"]

1. d4 d5 2. c4 e6 3. Nf3 Be7 4. e3 Nf6 5. Be2 O-O 6. Nc3 c5 7. O-O Nc6 8. a3 b6
9. b3 Bb7 10. Bb2 Rc8 11. Rc1 Qd7 12. Ne5 Qd8 13. Nf3 cxd4 14. exd4 Na5 15. Ne5
Nd7 16. cxd5 Bxd5 17. Nxd5 exd5 18. Rxc8 Qxc8 19. Bg4 f5 20. Bf3 Nf6 21. Qd3 g6
22. Rc1 Qe8 23. b4 Nb7 24. Qb3 Nd6 25. Bxd5+ Kg7 26. Bf3 Nde4 27. d5 Nd2 28.
Qd3 Nxf3+ 29. Nxf3 Bd6 30. Re1 Qd7 31. Ng5 Kg8 32. Ne6 Rf7 33. Qd4 Qb5 34. Rd1
Qe2 35. Rc1 Qa6 36. b5 Qb7 37. Rc6 Qb8 38. g3 h6 39. Qc3 Kh7 40. Rc8 Qb7 41.
Nd8 1-0

[Event "30.Schlosspark-Open"]
[Site "Wiesbaden-Biebrich"]
[Date "2018.08.24"]
[Round "3.67"]
[White "Launert, Martin"]
[Black "Werner, Tom"]
[Result "1/2-1/2"]
[WhiteElo "1859"]
[BlackElo "1627"]
[PlyCount "92"]
[EventDate "2018.??.??"]
[WhiteTeam "Sfr. Erbach"]
[BlackTeam "VSG Offenbach"]

1. e4 e6 2. d4 d5 3. exd5 exd5 4. Bd3 Bd6 5. Nf3 Nf6 6. O-O O-O 7. Bg5 Bg4 8.
Nbd2 c6 9. h3 Bh5 10. Re1 Nbd7 11. c4 b6 12. cxd5 cxd5 13. Qb3 Qc7 14. Rac1 Qb7
15. Bb5 Rac8 16. Nf1 Ne4 17. Bh4 Bf4 18. Rxc8 Rxc8 19. g4 Bg6 20. Ne3 Bxe3 21.
Qxe3 a6 22. Bxd7 Qxd7 23. Ne5 Qd6 24. Nxg6 hxg6 25. f3 Rc2 26. Re2 Rxe2 27.
Qxe2 Nf6 28. Qd2 b5 29. Kg2 Ne8 30. Bg3 Qe6 31. Kf2 Nd6 32. Qe2 Qxe2+ 33. Kxe2
Nc4 34. b3 Na5 35. Bd6 Nc6 36. Ke3 g5 37. Bc5 f6 38. f4 Kf7 39. fxg5 fxg5 40.
Bd6 Kf6 41. Bc5 Kf7 42. Kd3 Kf6 43. Kc3 Kf7 44. b4 Kf6 45. Kb3 Kf7 46. a4 Kf6
1/2-1/2

[Event "30.Schlosspark-Open"]
[Site "Wiesbaden-Biebrich"]
[Date "2018.08.24"]
[Round "3.68"]
[White "Schoeber, Sebastian"]
[Black "Jakesevic, Ivan"]
[Result "1-0"]
[WhiteElo "1846"]
[BlackElo "1623"]
[PlyCount "67"]
[EventDate "2018.??.??"]
[WhiteTeam "Wiesbadener SV"]
[BlackTeam "FC Bierstadt"]

1. d4 Nf6 2. Nf3 g6 3. Bf4 d6 4. h3 Bg7 5. e3 O-O 6. Be2 Nbd7 7. O-O c5 8. Nbd2
b6 9. a4 Bb7 10. Nc4 a6 11. c3 h6 12. Re1 Kh7 13. Bf1 d5 14. Nce5 Nxe5 15. Bxe5
Nd7 16. Bxg7 Kxg7 17. Qc2 e6 18. Rad1 Qc7 19. Qb3 Rac8 20. Ra1 Qd6 21. Nd2 cxd4
22. exd4 Rc7 23. Nf3 Rfc8 24. Bd3 g5 25. Qd1 Qf4 26. Qe2 Ra8 27. g3 Qf6 28. Nh2
Qe7 29. Ng4 Rcc8 30. Ne3 Qf6 31. Qh5 Rh8 32. Rf1 Raf8 33. Rae1 Qe7 34. Nf5+ 1-0

[Event "30.Schlosspark-Open"]
[Site "Wiesbaden-Biebrich"]
[Date "2018.08.24"]
[Round "3.69"]
[White "Bolduan, Michael"]
[Black "Werner, Rosalie"]
[Result "1/2-1/2"]
[WhiteElo "1827"]
[BlackElo "1536"]
[PlyCount "96"]
[EventDate "2018.??.??"]
[WhiteTeam "SC Taunusstein"]
[BlackTeam "VSG Offenbach"]

1. e4 e6 2. d4 d5 3. e5 c5 4. c3 Nc6 5. Nf3 Qb6 6. Be2 Bd7 7. O-O Nge7 8. dxc5
Qc7 9. Na3 Nxe5 10. Nxe5 Qxe5 11. Re1 Qc7 12. b4 a6 13. c4 Rd8 14. Bg5 f6 15.
Bh4 Kf7 16. Bg3 Qc8 17. Bf3 Bc6 18. Qb3 d4 19. Rad1 Bxf3 20. Qxf3 Nc6 21. Nc2
Be7 22. b5 Na5 23. Nxd4 e5 24. Bxe5 Bxc5 25. Nb3 Nxb3 26. axb3 axb5 27. cxb5
Rxd1 28. Rxd1 Re8 29. Qd5+ Kf8 30. Bd6+ Bxd6 31. Qxd6+ Kg8 32. b6 Qe6 33. Qb4
Qe2 34. Qc4+ Qe6 35. Re1 Qxc4 36. Rxe8+ Kf7 37. Rf8+ Kxf8 38. bxc4 Ke7 39. Kf1
Kd6 40. Ke2 Kc5 41. Kd3 Kxb6 42. Kd4 Kc6 43. c5 h6 44. h3 g6 45. g4 g5 46. f3
Kd7 47. Kd3 Ke7 48. Kc4 Kd7 1/2-1/2

[Event "30.Schlosspark-Open"]
[Site "Wiesbaden-Biebrich"]
[Date "2018.08.24"]
[Round "3.70"]
[White "Viol, Julius"]
[Black "Weiland, Thomas"]
[Result "1/2-1/2"]
[WhiteElo "1666"]
[BlackElo "1804"]
[PlyCount "117"]
[EventDate "2018.??.??"]
[WhiteTeam "FC Bierstadt"]
[BlackTeam "SV Oberursel"]

1. Nf3 d5 2. d4 Nf6 3. c4 c6 4. Nc3 Bg4 5. Qb3 Qb6 6. c5 Qxb3 7. axb3 Nbd7 8.
Bf4 Bxf3 9. gxf3 Nh5 10. Bg3 Nxg3 11. hxg3 e5 12. e3 g6 13. Bd3 Bg7 14. Ne2 O-O
15. f4 e4 16. Bc2 f5 17. b4 a6 18. Kd2 Nf6 19. Nc3 Nd7 20. Bb3 Kh8 21. Rh4 h5
22. Rhh1 Bf6 23. Bd1 Kg7 24. Be2 Rh8 25. Rh3 Be7 26. b3 Nf6 27. Rah1 Rh7 28.
Na4 Rah8 29. Nb6 Bd8 30. Na4 Ng4 31. Bxg4 fxg4 32. R3h2 Bc7 33. Nc3 Bd8 34. Ne2
h4 35. Kc3 h3 36. Ra1 Kf6 37. Kd2 Kf5 38. Nc3 Rd7 39. Re1 Re8 40. Na4 g5 41.
Re2 Rg7 42. Re1 Bc7 43. Rg1 Reg8 44. Ke2 Re7 45. Kd2 Ra8 46. Rc1 Re6 47. Ke2
Rae8 48. fxg5 Kxg5 49. Ra1 Rf6 50. Nc3 Ra8 51. b5 Rff8 52. b6 Bd8 53. Re1 Rf3
54. Ra1 Bf6 55. Ra4 Rf8 56. Nd1 Kg6 57. Ke1 Bg5 58. Ke2 Bf6 59. Ke1 1/2-1/2

[Event "30.Schlosspark-Open"]
[Site "Wiesbaden-Biebrich"]
[Date "2018.08.24"]
[Round "3.71"]
[White "Kumar, Amod"]
[Black "Goodwin, David"]
[Result "1-0"]
[WhiteElo "1745"]
[BlackElo "1539"]
[PlyCount "59"]
[EventDate "2018.??.??"]
[WhiteTeam "SSV Rotation Berlin"]
[BlackTeam "SV Kelsterbach"]

1. e4 g6 2. d4 Bg7 3. e5 d6 4. f4 dxe5 5. fxe5 a6 6. Nf3 b5 7. a4 b4 8. Bc4 e6
9. O-O Ne7 10. c3 Nd5 11. Qe1 Nc6 12. Ng5 O-O 13. Ne4 Na5 14. Bxd5 Qxd5 15.
Nf6+ Bxf6 16. exf6 Nb3 17. Qe3 Bb7 18. Rf3 Qh5 19. Rh3 Qd1+ 20. Kf2 Qc2+ 21.
Nd2 Qf5+ 22. Kg1 Qg4 23. Rg3 Qd1+ 24. Kf2 Nxc1 25. Qh6 Qe2+ 26. Kg1 Qe1+ 27.
Nf1 Ne2+ 28. Kh1 Nxg3+ 29. hxg3 Bxg2+ 30. Kh2 1-0

[Event "30.Schlosspark-Open"]
[Site "Wiesbaden-Biebrich"]
[Date "2018.08.24"]
[Round "3.72"]
[White "Tojcic, Josip"]
[Black "Scheve, Pierre"]
[Result "1-0"]
[WhiteElo "1750"]
[BlackElo "1503"]
[PlyCount "79"]
[EventDate "2018.??.??"]
[WhiteTeam "Niederraeder TG"]
[BlackTeam "TuS Dotzheim"]

1. d4 Nf6 2. Nf3 c5 3. Bf4 cxd4 4. Qxd4 Nc6 5. Qd1 g6 6. e3 Bg7 7. c3 O-O 8.
Bc4 a6 9. Nbd2 b5 10. Bb3 Na5 11. Bc2 Nc4 12. Nxc4 bxc4 13. Qe2 Qb6 14. Rb1 d5
15. O-O Bb7 16. Rfd1 Rac8 17. h3 Rfd8 18. Nd4 Qa7 19. Bh2 a5 20. Ba4 Ne4 21. f3
Nc5 22. Bc2 Qa6 23. Qf2 Bc6 24. Qh4 Rd7 25. Kh1 Rb7 26. Nxc6 Qxc6 27. e4 Bf6
28. exd5 Qa6 29. Qf2 Nd3 30. Bxd3 cxd3 31. Qd2 Rd7 32. Qxd3 Qb6 33. Bg1 Qc7 34.
Qe4 Be5 35. Bd4 Bg3 36. b3 Rcd8 37. c4 f5 38. Qe3 Bf4 39. Qg1 Bg3 40. Bb6 1-0

[Event "30.Schlosspark-Open"]
[Site "Wiesbaden-Biebrich"]
[Date "2018.08.24"]
[Round "3.73"]
[White "Busch, Guenther"]
[Black "Schwenk, Stefan"]
[Result "0-1"]
[WhiteElo "1509"]
[BlackElo "1729"]
[PlyCount "120"]
[EventDate "2018.??.??"]
[WhiteTeam "FC Bierstadt"]
[BlackTeam "SK Geisenheim"]

1. Nf3 c5 2. c4 e6 3. Nc3 Nc6 4. b3 Nf6 5. g3 a6 6. Bb2 Be7 7. Bg2 O-O 8. O-O
d5 9. cxd5 exd5 10. d4 cxd4 11. Nxd4 Be6 12. e3 Qc7 13. Nxe6 fxe6 14. Ne2 Bd6
15. Bh3 Qf7 16. Bxf6 Qxf6 17. Nd4 Nxd4 18. Qxd4 Be5 19. Qd1 Bxa1 20. Qxa1 Rfe8
21. Qd1 Rac8 22. f4 Qc3 23. Re1 Qc2 24. Qe2 Qxe2 25. Rxe2 Rc3 26. Kf2 Kf7 27.
Bg2 Rec8 28. f5 Rc2 29. fxe6+ Kxe6 30. Bh3+ Ke5 31. Bxc8 Rxc8 32. Rd2 h6 33.
Ke2 Rc1 34. Kf3 g5 35. Rg2 h5 36. g4 h4 37. Rd2 b5 38. Kf2 Rc3 39. Ke2 Ke4 40.
Rd4+ Ke5 41. Rd2 b4 42. Kf3 a5 43. Kf2 Rc1 44. Ke2 Rh1 45. Kf3 Rg1 46. Kf2 Rxg4
47. a3 h3 48. Kf1 bxa3 49. Ra2 Rg2 50. Rxa3 Rxh2 51. Kg1 Rb2 52. Rxa5 Rxb3 53.
Kf2 Rb2+ 54. Kg1 g4 55. Ra4 g3 56. Ra1 Ke4 57. Re1 Rb3 58. Kf1 Rxe3 59. Rd1 d4
60. Kg1 Re2 0-1

[Event "30.Schlosspark-Open"]
[Site "Wiesbaden-Biebrich"]
[Date "2018.08.24"]
[Round "3.74"]
[White "Kuebart, Thore"]
[Black "Lehmann, Wolfgang"]
[Result "1-0"]
[WhiteElo "1863"]
[BlackElo "1615"]
[PlyCount "119"]
[EventDate "2018.??.??"]
[WhiteTeam "SK Radolfzell"]
[BlackTeam "Wiesbadener SV"]

1. e4 c6 2. d4 d5 3. e5 Bf5 4. Ne2 e6 5. Ng3 Bg6 6. Be2 c5 7. c3 cxd4 8. Qxd4
Nc6 9. Qa4 Qa5 10. Qb3 Qc7 11. O-O Bc5 12. Qb5 Qb6 13. Qa4 Nge7 14. b4 Bxb4 15.
cxb4 O-O 16. b5 Nxe5 17. Be3 Qd6 18. f4 Nc4 19. Bxc4 dxc4 20. Nc3 Bd3 21. Rad1
Nd5 22. Nce4 Qd7 23. Bd2 b6 24. Nc3 Rfe8 25. Nxd5 exd5 26. Rfe1 Qc7 27. Be3 Re7
28. Bf2 Rae8 29. Qb4 Rxe1+ 30. Rxe1 Rxe1+ 31. Qxe1 h6 32. Qd2 Qd6 33. Bd4 Qd7
34. a4 Qe7 35. h3 Qa3 36. Qe3 Qf8 37. Qe5 f6 38. Qxd5+ Kh8 39. Kh2 Qe8 40. Bc3
Qf8 41. Qd7 Qa3 42. Nh5 Qf8 43. Bb4 Qg8 44. f5 Be2 45. Nf4 Bd3 46. Nxd3 cxd3
47. Qxd3 Qc8 48. Qd5 Kh7 49. Qe4 Qb8+ 50. Kg1 Qd8 51. Qg4 Qc8 52. Bd6 Kg8 53.
Qe4 Kh7 54. Kh2 Qd7 55. Qe6 Qd8 56. Qe7 Qa8 57. Qc7 a6 58. Qxb6 axb5 59. axb5
Qe4 60. Qc6 1-0

[Event "30.Schlosspark-Open"]
[Site "Wiesbaden-Biebrich"]
[Date "2018.08.24"]
[Round "3.75"]
[White "Rowland, Anthony"]
[Black "Baumeister, Lutz"]
[Result "1-0"]
[WhiteElo "1832"]
[BlackElo "1593"]
[PlyCount "83"]
[EventDate "2018.??.??"]
[WhiteTeam "SC Taunusstein"]
[BlackTeam "Wiesbadener SV"]

1. c4 Nf6 2. Nc3 g6 3. e4 d6 4. d4 Bg7 5. g3 O-O 6. Bg2 c6 7. h3 e5 8. Nf3 exd4
9. Nxd4 Nbd7 10. O-O Ne5 11. b3 Qc7 12. Bb2 Re8 13. Qc2 Ned7 14. Rfe1 Nc5 15.
Qd1 Nfd7 16. Kh2 Ne5 17. f4 Ned7 18. Qd2 Nf6 19. b4 Ne6 20. Nf3 Rd8 21. Qe2 Nh5
22. Qd2 Bh6 23. Ne2 Bg7 24. Bxg7 Nhxg7 25. Nc3 a6 26. Re3 b5 27. cxb5 axb5 28.
Rd3 Ne8 29. Rc1 Qb6 30. g4 Bb7 31. f5 Nf8 32. Rd1 Qc7 33. Kh1 Qe7 34. e5 d5 35.
Qf4 f6 36. Re1 fxe5 37. Rxe5 Qg7 38. Rde3 Nd7 39. Re7 Qf8 40. Ng5 Nef6 41. Rf7
Qh6 42. Ree7 1-0

[Event "30.Schlosspark-Open"]
[Site "Wiesbaden-Biebrich"]
[Date "2018.08.24"]
[Round "3.77"]
[White "Bratmann, Marc"]
[Black "Jahraus, Marlis"]
[Result "1-0"]
[WhiteElo "1758"]
[BlackElo "1588"]
[PlyCount "67"]
[EventDate "2018.??.??"]
[WhiteTeam "TuS Dotzheim"]
[BlackTeam "SC Untergrombach"]

1. e4 c5 2. c3 d5 3. exd5 Nf6 4. Bb5+ Nbd7 5. d4 a6 6. Bxd7+ Qxd7 7. dxc5 Nxd5
8. Nf3 e6 9. Qd4 Nf6 10. O-O Qd5 11. Be3 Bd7 12. Rd1 Bc6 13. b4 Ng4 14. Qxd5
Bxd5 15. Bf4 Bxf3 16. gxf3 Nf6 17. Bd6 Rd8 18. c4 g6 19. Nc3 Bg7 20. Rab1 Nd7
21. Ne4 Nb8 22. b5 h6 23. Bxb8 Rxb8 24. bxa6 Be5 25. axb7 Ke7 26. a4 Rhd8 27.
Rxd8 Rxd8 28. Nd6 Rb8 29. Rb6 Kd7 30. a5 Bd4 31. a6 Bxc5 32. a7 Bxb6 33. axb8=Q
Bc7 34. Qc8+ 1-0

[Event "30.Schlosspark-Open"]
[Site "Wiesbaden-Biebrich"]
[Date "2018.08.24"]
[Round "3.78"]
[White "Kuenne, Lutz"]
[Black "Donecker, Stefan"]
[Result "1/2-1/2"]
[WhiteElo "1549"]
[BlackElo "1754"]
[PlyCount "80"]
[EventDate "2018.??.??"]
[WhiteTeam "KC Jena"]
[BlackTeam "TuS Dotzheim"]

1. d4 Nf6 2. Bf4 d5 3. e3 e6 4. Nf3 Be7 5. Bd3 O-O 6. Nbd2 b6 7. h4 Bb7 8. c3
Ne4 9. Ng5 Nxg5 10. hxg5 g6 11. Qg4 Kg7 12. Qh4 h5 13. gxh6+ Kh7 14. Qg3 c5 15.
Nf3 Nd7 16. Kd2 a5 17. Ne5 Nxe5 18. Bxe5 Rg8 19. Bg7 Ba6 20. Bc2 cxd4 21. Bxd4
Bc5 22. Bg7 Rc8 23. Qf4 Qd7 24. Qf6 e5 25. Qh4 d4 26. exd4 exd4 27. Bxd4 Bxd4
28. Qxd4 Qxd4+ 29. cxd4 Rgd8 30. Rac1 Rxd4+ 31. Ke3 Rdd8 32. Be4 Rxc1 33. Rxc1
Kxh6 34. Rc6 Rb8 35. Rc7 f5 36. Bd3 Bxd3 37. Kxd3 Rd8+ 38. Kc2 Re8 39. Kd1 Rd8+
40. Kc2 Re8 1/2-1/2